[Event "Thessaloniki White Tower op-A 44th"]
[Site "Thessaloniki"]
[Date "2024.01.04"]
[Round "4"]
[White "Patrelakis, Evaggelos"]
[Black "Giannoulakis, Labros"]
[Result "1/2-1/2"]
[WhiteElo "2425"]
[BlackElo "2341"]
[PlyCount "47"]
[EventDate "2024.01.02"]
[EventType "swiss"]
[EventRounds "9"]
[EventCountry "GRE"]
[SourceTitle "CB02_2024"]
[SourceDate "2024.01.10"]
[SourceVersion "1"]
[SourceVersionDate "2024.01.10"]
[SourceQuality "1"]

1. d4 Nf6 2. Nf3 e6 3. c4 d5 4. Nc3 Be7 5. cxd5 exd5 6. Bg5 c6 7. e3 Bf5 8. Bd3 Bxd3 9. Qxd3 Nbd7 10. 0-0 0-0 11. Rab1 a5 12. Qc2 Re8 13. a3 Ne4 14. Bf4 Nxc3 15. bxc3 Qc8 16. a4 Bd8 17. Qb3 b6 18. c4 Nf6 19. Rfc1 Qe6 20. Ne5 Rc8 21. c5 bxc5 22. Rxc5 Ne4 23. Rc2 c5 24. Nf3 1/2-1/2

[Event "GRE-ch 72nd"]
[Site "Athens"]
[Date "2023.12.06"]
[Round "6"]
[White "Papakonstantinou, Dimitrios"]
[Black "Patrelakis, Evaggelos"]
[Result "0-1"]
[WhiteElo "2238"]
[BlackElo "2409"]
[PlyCount "106"]
[EventDate "2023.12.01"]
[EventType "tourn"]
[EventRounds "9"]
[EventCountry "GRE"]
[EventCategory "6"]
[SourceTitle "CB50_2023"]
[SourceDate "2023.12.13"]
[SourceVersion "1"]
[SourceVersionDate "2023.12.13"]
[SourceQuality "1"]

1. e4 c5 2. Nf3 Nc6 3. d4 cxd4 4. Nxd4 Nf6 5. Nc3 d6 6. Bg5 e6 7. Qd2 a6 8. 0-0-0 Bd7 9. f4 Be7 10. Kb1 h6 11. Bxf6 Bxf6 12. Nf3 Be7 13. e5 d5 14. f5 Qc7 15. Qf4 0-0-0 16. Bd3 Kb8 17. Qg3 Rhg8 18. Rhf1 Bb4 19. Ne2 exf5 20. Ned4 Nxd4 21. Nxd4 g6 22. Qf4 Bc5 23. Nb3 Bb6 24. Rde1 Rh8 25. c3 g5 26. Qd2 f4 27. Nd4 Rhe8 28. g3 Bh3 29. Rf3 Bg4 30. Rff1 fxg3 31. hxg3 Rxe5 32. Rxe5 Qxe5 33. Rxf7 Bc8 34. Qf2 Bc7 35. Bxa6 Qxg3 36. Qe2 Qd6 37. Bd3 Bd7 38. a3 g4 39. Ka2 g3 40. Bb5 Bc8 41. Qf3 Qg6 42. Bd3 Qg4 43. Qf6 Qg5 44. Qxg5 hxg5 45. Rg7 Bf4 46. Bf1 Rh8 47. Bg2 Rh2 48. Bxd5 g2 49. Ne2 Bg4 50. Nxf4 g1Q 51. Rxb7+ Kc8 52. Ng6 Bd7 53. Ne5 Be6 0-1

[Event "Kavala op 32nd"]
[Site "Kavala"]
[Date "2023.08.04"]
[Round "9"]
[White "Kilic, Eray"]
[Black "Patrelakis, Evaggelos"]
[Result "1/2-1/2"]
[WhiteElo "2433"]
[BlackElo "2385"]
[PlyCount "50"]
[EventDate "2023.07.28"]
[EventType "swiss"]
[EventRounds "9"]
[EventCountry "GRE"]
[SourceTitle "CBM 215 Extra"]
[Source "ChessBase"]
[SourceDate "2023.09.30"]
[SourceVersion "1"]
[SourceVersionDate "2023.09.30"]
[SourceQuality "1"]

1. Nf3 Nf6 2. g3 g6 3. b3 b6 4. Bg2 Bb7 5. Bb2 Bg7 6. 0-0 0-0 7. c4 e6 8. Nc3 d5 9. cxd5 Nxd5 10. Qc1 Nxc3 11. Bxc3 c5 12. Rd1 Nc6 13. e3 Rc8 14. Qb2 Bxc3 15. Qxc3 Nb4 16. Ne5 Bxg2 17. Kxg2 Qd5+ 18. f3 h5 19. a3 Nc6 20. Nd3 Rfd8 21. Nf2 Qe5 22. Rac1 Qxc3 23. Rxc3 Ne7 24. Kf1 Rd7 25. Ke2 Rcd8 1/2-1/2

[Event "Kavala op 32nd"]
[Site "Kavala"]
[Date "2023.07.31"]
[Round "5"]
[White "Aaron, Deepak"]
[Black "Patrelakis, Evaggelos"]
[Result "1/2-1/2"]
[WhiteElo "2308"]
[BlackElo "2385"]
[PlyCount "137"]
[EventDate "2023.07.28"]
[EventType "swiss"]
[EventRounds "9"]
[EventCountry "GRE"]
[SourceTitle "CBM 215 Extra"]
[Source "ChessBase"]
[SourceDate "2023.09.30"]
[SourceVersion "1"]
[SourceVersionDate "2023.09.30"]
[SourceQuality "1"]

1. d4 d5 2. c4 e6 3. Nc3 c5 4. cxd5 cxd4 5. Qxd4 Nc6 6. Qa4 exd5 7. e3 Nf6 8. Bb5 Bd7 9. Nf3 Bd6 10. 0-0 0-0 11. Rd1 a6 12. Bxc6 Bxc6 13. Qd4 Rc8 14. b3 Qe7 15. Bb2 Rfd8 16. Ne2 Ba3 17. Bxa3 Qxa3 18. Ng3 Bd7 19. Qb6 Bg4 20. Qxb7 Rc2 21. Nd4 Rxa2 22. Rxa2 Qxa2 23. Rc1 h5 24. h3 Bd7 25. Nge2 Qa3 26. Qb6 Re8 27. Qc5 Qa2 28. Nc3 Qb2 29. Rb1 Qd2 30. Rd1 Qb2 31. Rb1 Qd2 32. Nf3 Qc2 33. Ne1 Qd2 34. Rd1 Qb2 35. Nxd5 Qxf2+ 36. Kxf2 Ne4+ 37. Kg1 Nxc5 38. b4 Na4 39. Nc7 Rxe3 40. Nc2 Rc3 41. Rxd7 Rxc2 42. Nxa6 Rb2 43. h4 g6 44. Rd3 Kg7 45. Kh2 Kf6 46. Rf3+ Ke7 47. Kg3 Nb6 48. Rd3 f6 49. Re3+ Kd6 50. Re8 Nd5 51. Rd8+ Ke5 52. Nc5 Nxb4 53. Rb8 Rc2 54. Nd7+ Ke6 55. Nf8+ Kf7 56. Rxb4 Kxf8 57. Rb7 Rc4 58. Kh3 Re4 59. g3 Re7 60. Rb6 Kg7 61. Kg2 Kf7 62. Kf3 Rd7 63. Ke4 Ke7 64. Ra6 Rb7 65. Rc6 Rb4+ 66. Kf3 Rd4 67. Ke3 Rg4 68. Kf3 Rd4 69. Ra6 1/2-1/2

[Event "Paleochora op 16th"]
[Site "Paleochora"]
[Date "2023.07.25"]
[Round "8"]
[White "Patrelakis, Evaggelos"]
[Black "Stremavicius, Titas"]
[Result "1/2-1/2"]
[WhiteElo "2378"]
[BlackElo "2549"]
[PlyCount "86"]
[EventDate "2023.07.19"]
[EventType "swiss"]
[EventRounds "9"]
[EventCountry "GRE"]
[SourceTitle "EXT 2024"]
[Source "ChessBase"]
[SourceDate "2023.10.10"]
[SourceVersion "1"]
[SourceVersionDate "2023.10.10"]
[SourceQuality "1"]

1. e4 c5 2. Nf3 Nc6 3. d4 cxd4 4. Nxd4 e5 5. Nb5 d6 6. N1c3 a6 7. Na3 Be7 8. Nc4 b5 9. Ne3 Nf6 10. Bd3 0-0 11. 0-0 Rb8 12. a4 Nb4 13. axb5 axb5 14. Kh1 Bb7 15. f3 d5 16. Ncxd5 Nfxd5 17. Nxd5 Bxd5 18. exd5 Qxd5 19. Be2 Qxd1 20. Bxd1 Rfc8 21. c3 Nd3 22. Bc2 Rd8 23. g3 Nxc1 24. Raxc1 Rd2 25. Rfd1 Rbd8 26. b3 g6 27. Rxd2 Rxd2 28. Be4 f5 29. Bc6 b4 30. cxb4 Bxb4 31. Rc4 Bd6 32. Ra4 Bc5 33. Ra5 Rc2 34. Bd5+ Kg7 35. Bc4 Bd4 36. Rd5 h5 37. Rd7+ Kh6 38. Rd6 h4 39. Bd3 Rc1+ 40. Kg2 Kg7 41. gxh4 Rc3 42. Bc4 Rc2+ 43. Kh1 Rc1+ 1/2-1/2

[Event "GRE CupT 41st f/16"]
[Site "Greece"]
[Date "2023.06.18"]
[Round "1.7"]
[White "Patrelakis, Evaggelos"]
[Black "Giannakouras, Angelos"]
[Result "1-0"]
[WhiteElo "2387"]
[BlackElo "1402"]
[PlyCount "81"]
[EventDate "2023.06.18"]
[EventType "team-k.o."]
[EventRounds "1"]
[EventCountry "GRE"]
[SourceTitle "EXT 2024"]
[Source "ChessBase"]
[SourceDate "2023.10.10"]
[SourceVersion "1"]
[SourceVersionDate "2023.10.10"]
[SourceQuality "1"]

1. e4 c6 2. d4 d5 3. e5 Bf5 4. Nf3 e6 5. Be2 Nd7 6. 0-0 Ne7 7. Nbd2 c5 8. dxc5 Nc6 9. Bb5 Bxc5 10. Nb3 Qc7 11. Nxc5 Nxc5 12. b3 Ne4 13. Nd4 Bg6 14. Ba3 a6 15. Bxc6+ bxc6 16. f3 Nc3 17. Qd2 Nb5 18. Bc5 Rc8 19. Rfe1 h5 20. h4 Qd8 21. Qf4 Nxd4 22. Qxd4 Qd7 23. Re2 Bf5 24. Qa4 Qb7 25. c4 Rh6 26. Rd1 Rd8 27. Red2 Rd7 28. Rd4 f6 29. cxd5 cxd5 30. Rb4 Qc7 31. Rc1 Bd3 32. Be3 Qxe5 33. Rc8+ Ke7 34. Bc5+ Kf7 35. Qxd7+ Kg6 36. Bf2 Qa1+ 37. Kh2 Qe5+ 38. Bg3 Qb2 39. Qe8+ Kh7 40. Rb7 Bf1 41. Rxg7+ 1-0

[Event "Chania Theodorakis Memorial 2nd"]
[Site "Chania"]
[Date "2023.04.20"]
[Round "6"]
[White "Karousos Theodorakis, Nikolaos"]
[Black "Patrelakis, Evaggelos"]
[Result "0-1"]
[WhiteElo "2225"]
[BlackElo "2374"]
[PlyCount "64"]
[EventDate "2023.04.17"]
[EventType "swiss"]
[EventRounds "9"]
[EventCountry "GRE"]
[SourceTitle "EXT 2024"]
[Source "ChessBase"]
[SourceDate "2023.10.10"]
[SourceVersion "1"]
[SourceVersionDate "2023.10.10"]
[SourceQuality "1"]

1. e4 c5 2. Nf3 e6 3. c4 Nc6 4. d4 cxd4 5. Nxd4 Nf6 6. Nc3 Bb4 7. Nxc6 bxc6 8. Bd3 e5 9. 0-0 0-0 10. h3 h6 11. Qe2 Re8 12. Rd1 Qe7 13. Na4 d6 14. a3 Bc5 15. Nxc5 dxc5 16. b4 cxb4 17. axb4 Qxb4 18. Ba3 Qb6 19. Rab1 Qc7 20. Bc2 Rd8 21. Rxd8+ Qxd8 22. Rd1 Qa5 23. Bd6 Ba6 24. Be7 Ne8 25. Qd3 Rb8 26. Qd7 Qa2 27. Rd2 Bxc4 28. Qxc6 Qa5 29. Rd1 Be6 30. Qa4 Qc7 31. Ba3 a5 32. Rc1 Bd7 0-1

[Event "EU-ch 23rd"]
[Site "Vrnjacka Banja"]
[Date "2023.03.10"]
[Round "8"]
[White "Patrelakis, Evaggelos"]
[Black "Petrovic, Aleksa"]
[Result "1-0"]
[WhiteElo "2387"]
[BlackElo "2254"]
[PlyCount "90"]
[EventDate "2023.03.03"]
[EventType "swiss"]
[EventRounds "11"]
[EventCountry "SRB"]
[SourceTitle "CBM 213"]
[Source "ChessBase"]
[SourceDate "2023.04.30"]
[SourceVersion "1"]
[SourceVersionDate "2023.04.30"]
[SourceQuality "1"]

1. e4 c5 2. Nf3 e6 3. d4 cxd4 4. Nxd4 a6 5. Bd3 Nf6 6. 0-0 Qc7 7. Qe2 d6 8. c4 g6 9. Nc3 Bg7 10. Be3 0-0 11. Rac1 Nbd7 12. f4 b6 13. b4 Bb7 14. Nb3 Rac8 15. Bd4 h5 16. h3 e5 17. fxe5 Nxe5 18. Nd5 Bxd5 19. cxd5 Qe7 20. Rxc8 Rxc8 21. Bxa6 Re8 22. Bb5 Rc8 23. a4 h4 24. Bxb6 Nh5 25. Qf2 Rc3 26. Nd4 Qg5 27. Kh2 Bh6 28. Ne2 Ra3 29. Qe1 Ng3 30. Nxg3 Rxg3 31. Qe2 f5 32. exf5 gxf5 33. Bd4 Bg7 34. Kh1 f4 35. Bxe5 f3 36. Rxf3 Bxe5 37. Bd3 Rxf3 38. Qxf3 Qc1+ 39. Bf1 Qd2 40. b5 Bg3 41. Qe2 Qa5 42. Qe4 Kf7 43. Qb1 Qxa4 44. b6 Be5 45. b7 Ke7 1-0

[Event "EU-ch 23rd"]
[Site "Vrnjacka Banja"]
[Date "2023.03.07"]
[Round "5"]
[White "Zlatkov, Anton"]
[Black "Patrelakis, Evaggelos"]
[Result "0-1"]
[WhiteElo "2174"]
[BlackElo "2387"]
[PlyCount "74"]
[EventDate "2023.03.03"]
[EventType "swiss"]
[EventRounds "11"]
[EventCountry "SRB"]
[SourceTitle "CBM 213"]
[Source "ChessBase"]
[SourceDate "2023.04.30"]
[SourceVersion "1"]
[SourceVersionDate "2023.04.30"]
[SourceQuality "1"]

1. e4 c5 2. Nf3 d6 3. d4 cxd4 4. Nxd4 Nf6 5. Nc3 a6 6. Bd3 g6 7. f3 Bg7 8. Be3 Nbd7 9. Qd2 b5 10. a4 bxa4 11. Rxa4 Nc5 12. Ra3 Nxd3+ 13. cxd3 0-0 14. Nb3 Qc7 15. d4 Bd7 16. 0-0 Rfb8 17. Rc1 Qd8 18. Na5 Ne8 19. Nd5 e6 20. Nb4 Qb6 21. Nac6 Bxc6 22. Nxc6 Rb7 23. Rc2 d5 24. e5 Bf8 25. Ra1 Rc7 26. Rac1 Rac8 27. Qc3 a5 28. h4 Bb4 29. Qxb4 axb4 30. Ne7+ Rxe7 31. Rxc8 h6 32. Ra8 Kg7 33. Rcc8 Qb5 34. Rab8 Qe2 35. Bf2 Qxb2 36. Be1 Qxd4+ 37. Kh1 Qd1 0-1

[Event "EU-ch 23rd"]
[Site "Vrnjacka Banja"]
[Date "2023.03.04"]
[Round "2"]
[White "Patrelakis, Evaggelos"]
[Black "Petkov, Momchil"]
[Result "1/2-1/2"]
[WhiteElo "2387"]
[BlackElo "2526"]
[PlyCount "46"]
[EventDate "2023.03.03"]
[EventType "swiss"]
[EventRounds "11"]
[EventCountry "SRB"]
[SourceTitle "CBM 213"]
[Source "ChessBase"]
[SourceDate "2023.04.30"]
[SourceVersion "1"]
[SourceVersionDate "2023.04.30"]
[SourceQuality "1"]

1. e4 c5 2. Nf3 Nc6 3. d4 cxd4 4. Nxd4 e5 5. Nb5 d6 6. c4 g6 7. Be3 Nf6 8. Bg5 Be7 9. Bxf6 Bxf6 10. Nxd6+ Kf8 11. Nxc8 Qxd1+ 12. Kxd1 Rxc8 13. Nc3 Be7 14. Nd5 Bc5 15. f3 Kg7 16. Bd3 h5 17. Rb1 a5 18. a3 Bd4 19. b3 h4 20. h3 Ra8 21. Nc7 Rac8 22. Nd5 Ra8 23. Nc7 Rac8 1/2-1/2

[Event "World Cup U18 Prel"]
[Site "Tornelo INT"]
[Date "2021.08.19"]
[Round "8"]
[White "Villarreal, Agustin"]
[Black "Patrelakis, Evaggelos"]
[Result "1-0"]
[WhiteElo "2143"]
[BlackElo "2281"]
[PlyCount "69"]
[EventDate "2021.08.16"]
[EventType "swiss (rapid)"]
[EventRounds "10"]
[EventCountry "NET"]
[SourceTitle "CBM 203 Extra"]
[Source "ChessBase"]
[SourceDate "2021.09.30"]
[SourceVersion "1"]
[SourceVersionDate "2021.09.30"]
[SourceQuality "1"]

1. d4 Nf6 2. Nf3 e6 3. c4 b6 4. g3 Ba6 5. Nbd2 d5 6. Bg2 Be7 7. 0-0 0-0 8. Ne5 c5 9. dxc5 bxc5 10. b3 Qb6 11. Bb2 Rd8 12. Qc2 Bb7 13. cxd5 exd5 14. Rac1 a5 15. Rfd1 Na6 16. Qf5 a4 17. Ng4 Nxg4 18. Qxg4 Bf8 19. e3 Nb4 20. Ra1 Nd3 21. Bc3 a3 22. Nf3 Ba6 23. Bf1 Nb2 24. Rd2 Bc8 25. Qh5 Rd6 26. Ng5 Bf5 27. Qxf7+ Kh8 28. Qxf5 Rg6 29. Bg2 h6 30. Nf7+ Kh7 31. Bxd5 Re8 32. Ne5 Rxe5 33. Bxe5 Bd6 34. Be4 Bxe5 35. Qxe5 1-0

[Event "World Cup U18 Prel"]
[Site "Tornelo INT"]
[Date "2021.08.18"]
[Round "6"]
[White "Panda, Sambit"]
[Black "Patrelakis, Evaggelos"]
[Result "1-0"]
[WhiteElo "2102"]
[BlackElo "2281"]
[PlyCount "99"]
[EventDate "2021.08.16"]
[EventType "swiss (rapid)"]
[EventRounds "10"]
[EventCountry "NET"]
[SourceTitle "CBM 203 Extra"]
[Source "ChessBase"]
[SourceDate "2021.09.30"]
[SourceVersion "1"]
[SourceVersionDate "2021.09.30"]
[SourceQuality "1"]

1. d4 Nf6 2. c4 e6 3. Nf3 Bb4+ 4. Bd2 a5 5. a3 Be7 6. Nc3 d5 7. Bf4 0-0 8. e3 Re8 9. Qc2 c6 10. Bd3 Nbd7 11. h3 Nf8 12. 0-0 Ng6 13. c5 Nd7 14. Bh2 b6 15. b4 b5 16. Nxb5 cxb5 17. c6 Ndf8 18. Bxb5 Qb6 19. Qa4 Ra7 20. c7 axb4 21. Qxa7 Qxa7 22. axb4 Qb6 23. Bxe8 Bd6 24. Bxd6 Qxd6 25. Rfc1 Qe7 26. Bb5 Qxb4 27. Rc5 f6 28. Ra8 Ne7 29. Ba6 Bxa6 30. Rxa6 Qb1+ 31. Kh2 Qb7 32. Rd6 Kf7 33. Rd8 Nc8 34. Ne1 Ke7 35. Nd3 h5 36. h4 Nd7 37. Rc1 Ndb6 38. Rh8 Nc4 39. Rxh5 Qxc7+ 40. g3 Qd8 41. Nf4 Kf7 42. Rb1 N4d6 43. Rb8 Qc7 44. Rb4 Ne7 45. Kg2 Ne8 46. Rh8 Qd7 47. Rb8 Nc8 48. h5 Qc7 49. Ra8 e5 50. Ne6 1-0

[Event "World Cup U18 Prel"]
[Site "Tornelo INT"]
[Date "2021.08.17"]
[Round "3"]
[White "Patrelakis, Evaggelos"]
[Black "Wang, Justin"]
[Result "0-1"]
[WhiteElo "2281"]
[BlackElo "2456"]
[PlyCount "226"]
[EventDate "2021.08.16"]
[EventType "swiss (rapid)"]
[EventRounds "10"]
[EventCountry "NET"]
[SourceTitle "CBM 203 Extra"]
[Source "ChessBase"]
[SourceDate "2021.09.30"]
[SourceVersion "1"]
[SourceVersionDate "2021.09.30"]
[SourceQuality "1"]

1. e4 e5 2. Nf3 Nc6 3. Bc4 Nf6 4. d3 Bc5 5. c3 d6 6. h3 a6 7. Bb3 Ba7 8. 0-0 h6 9. Be3 Bxe3 10. fxe3 Na5 11. Bc2 0-0 12. Nbd2 c5 13. Qe2 Be6 14. Rf2 Qb6 15. b3 Nc6 16. Raf1 Qa5 17. Nh4 Nh7 18. c4 Qxa2 19. Bb1 Qa5 20. Nf5 Rad8 21. Qh5 Qc7 22. g4 Kh8 23. Rg2 Ne7 24. Kh1 Ng8 25. Qh4 f6 26. Qg3 b5 27. Nf3 Qf7 28. Ra2 g6 29. N5h4 Ra8 30. Bc2 Kg7 31. Rfa1 Qb7 32. Nf5+ Bxf5 33. gxf5 g5 34. h4 Ne7 35. Kg2 Rh8 36. Rh1 Nc6 37. Bd1 bxc4 38. bxc4 Nb4 39. Rb2 Rag8 40. hxg5 hxg5 41. Be2 Kf8 42. Rh6 Qg7 43. Rg6 Qf7 44. Rh6 Ke7 45. Rb1 Qg7 46. Rg6 Qf7 47. Rh6 Nf8 48. Rbh1 Qg7 49. Rxh8 Rxh8 50. Ra1 Nd7 51. Ra3 Qh6 52. Kf2 Qg7 53. Ra1 Nb8 54. d4 N8c6 55. Rd1 Rd8 56. Qh2 Nc2 57. d5 Na5 58. Qg3 Rh8 59. Rc1 Nb4 60. Ra1 Nb3 61. Ra3 Nc1 62. Bf1 Qh6 63. Rc3 Nca2 64. Ra3 Rb8 65. Rb3 a5 66. Kg1 a4 67. Ra3 Ra8 68. Qf2 Nc1 69. Qd2 Nb3 70. Qf2 Qh8 71. Nh2 Qh5 72. Be2 Qh4 73. Qxh4 gxh4 74. Bd1 Nd2 75. Rxa4 Rxa4 76. Bxa4 Nxe4 77. Nf3 h3 78. Kh2 Nf2 79. Kg3 Ne4+ 80. Kxh3 Nc3 81. Bb3 Nd3 82. Nd2 Kf7 83. Kg4 Kg7 84. Bc2 Nb4 85. Bb3 Kf7 86. Kg3 Ne2+ 87. Kg4 Nc1 88. Ba4 Ncd3 89. Ne4 Ke7 90. Kh5 Nb2 91. Bb3 N4d3 92. Kg6 Nc1 93. Bc2 Nxc4 94. Nxf6 Nxe3 95. Be4 Ne2 96. Nh7 Nf4+ 97. Kg7 Nh5+ 98. Kg6 Nf4+ 99. Kg7 Nexd5 100. f6+ Nxf6 101. Nxf6 Ke6 102. Ng4 d5 103. Bc2 e4 104. Kh6 Kf5 105. Ne3+ Ke5 106. Kg5 Nd3 107. Ng4+ Kd4 108. Kf5 e3 109. Bd1 Nf2 110. Be2 Nxg4 111. Kxg4 Kc3 112. Kf3 Kd2 113. Bb5 c4 0-1

[Event "World Cup U18 Prel"]
[Site "Tornelo INT"]
[Date "2021.08.16"]
[Round "1"]
[White "Patrelakis, Evaggelos"]
[Black "Mayta Aiza, Vicmar"]
[Result "1-0"]
[WhiteElo "2281"]
[BlackElo "1591"]
[PlyCount "43"]
[EventDate "2021.08.16"]
[EventType "swiss (rapid)"]
[EventRounds "10"]
[EventCountry "NET"]
[SourceTitle "CBM 203 Extra"]
[Source "ChessBase"]
[SourceDate "2021.09.30"]
[SourceVersion "1"]
[SourceVersionDate "2021.09.30"]
[SourceQuality "1"]

1. e4 c5 2. Nf3 d6 3. d4 cxd4 4. Nxd4 Nc6 5. Nc3 Nf6 6. Bg5 e5 7. Nf5 Bxf5 8. exf5 Be7 9. Bc4 0-0 10. 0-0 Rc8 11. Bxf6 Bxf6 12. Nd5 Nb4 13. Nxb4 Rxc4 14. c3 Qd7 15. Nd5 Rcc8 16. Qg4 Kh8 17. Rad1 Rc5 18. Rd3 Qc6 19. Nxf6 gxf6 20. Rg3 Qxg2+ 21. Rxg2 Rxc3 22. Qg7# 1-0

[Event "World Cup U18 Prel"]
[Site "Tornelo INT"]
[Date "2021.08.16"]
[Round "2"]
[White "Sanger, Jake M"]
[Black "Patrelakis, Evaggelos"]
[Result "0-1"]
[WhiteElo "1936"]
[BlackElo "2281"]
[PlyCount "144"]
[EventDate "2021.08.16"]
[EventType "swiss (rapid)"]
[EventRounds "10"]
[EventCountry "NET"]
[SourceTitle "CBM 203 Extra"]
[Source "ChessBase"]
[SourceDate "2021.09.30"]
[SourceVersion "1"]
[SourceVersionDate "2021.09.30"]
[SourceQuality "1"]

1. d4 Nf6 2. c4 e6 3. Nf3 Bb4+ 4. Bd2 a5 5. g3 0-0 6. Bg2 d6 7. 0-0 Bxd2 8. Qxd2 Qe7 9. Nc3 Nbd7 10. Ne1 Nb6 11. b3 e5 12. Nc2 c6 13. Rad1 e4 14. Qf4 Re8 15. a4 h6 16. Kh1 Nbd7 17. g4 Nf8 18. h3 Ng6 19. Qg3 Bd7 20. Ne3 Rac8 21. Rg1 Qe6 22. Nf5 d5 23. Nd6 h5 24. g5 h4 25. Qh2 Nh7 26. Nxc8 Bxc8 27. cxd5 cxd5 28. Nb5 Rf8 29. Bf1 Bd7 30. e3 f6 31. gxf6 Rxf6 32. Rc1 Qf5 33. Rc7 Nhf8 34. Rc2 Ne6 35. Nd6 Qf3+ 36. Qg2 Ng5 37. Be2 Qxh3+ 38. Qxh3 Nxh3 39. Rg2 Rxd6 40. Rc7 Nf8 41. Kh2 Rf6 42. Rxd7 Nxd7 43. Kxh3 Kf7 44. Bb5 Nf8 45. Kxh4 Ng6+ 46. Kh3 Ne7 47. Kh2 Nf5 48. Rg4 Nh6 49. Rg2 Nf5 50. Rg4 Nd6 51. Kg2 Nxb5 52. axb5 Rb6 53. f3 exf3+ 54. Kxf3 Rxb5 55. Rg5 Kf6 56. Re5 g5 57. Kg4 Rxb3 58. Rxd5 b5 59. Rd6+ Ke7 60. Ra6 a4 61. e4 Rb4 62. Ra5 Kd6 63. e5+ Kc6 64. e6 Rxd4+ 65. Kf5 Rd1 66. Kf6 Kb6 67. Ra8 Rf1+ 68. Kg7 Re1 69. Kf7 Kb7 70. Rd8 a3 71. Rd3 a2 72. Ra3 a1Q 0-1

[Event "Kavala op 30th"]
[Site "Kavala"]
[Date "2021.08.04"]
[Round "5"]
[White "Kozhuharov, Spas"]
[Black "Patrelakis, Evaggelos"]
[Result "0-1"]
[WhiteElo "2400"]
[BlackElo "2281"]
[PlyCount "110"]
[EventDate "2021.08.01"]
[EventType "swiss"]
[EventRounds "9"]
[EventCountry "GRE"]
[SourceTitle "CBM 203 Extra"]
[Source "ChessBase"]
[SourceDate "2021.09.30"]
[SourceVersion "1"]
[SourceVersionDate "2021.09.30"]
[SourceQuality "1"]

1. c4 Nf6 2. Nc3 c5 3. Nf3 Nc6 4. d4 cxd4 5. Nxd4 g6 6. e4 d6 7. Be2 Nxd4 8. Qxd4 Bg7 9. Be3 0-0 10. Qd2 a5 11. f3 a4 12. Rc1 Be6 13. Rc2 Nd7 14. Nb5 Nc5 15. Nd4 Bd7 16. 0-0 Qc7 17. Rd1 Rfc8 18. Bf1 Qa5 19. Qf2 Na6 20. a3 Nc5 21. Bd2 Qb6 22. Bc3 Rc7 23. Ne2 Rac8 24. Bxg7 Kxg7 25. Nc3 Bc6 26. Kh1 Nd7 27. Qh4 Qb3 28. Rdd2 Nf6 29. Qf2 Nd7 30. f4 Qb6 31. Qe1 Nc5 32. Qe3 Nd7 33. Qe1 Qa5 34. h3 b6 35. Kh2 Nc5 36. Rd1 Ne6 37. Qg3 Nc5 38. Re2 Rd7 39. Re3 Rcd8 40. h4 Nb3 41. Bd3 Qc5 42. e5 e6 43. f5 exf5 44. Bxf5 Re7 45. Bh3 Nd4 46. Nd5 Bxd5 47. cxd5 dxe5 48. Rxe5 Rxd5 49. Rxd5 Qxd5 50. h5 Re4 51. hxg6 hxg6 52. Kh1 Qh5 53. Rd2 Ne2 54. Qd3 Qe5 55. Qd6 Ng3+ 0-1

[Event "EU-ch Amateur Online Final 2000/2300"]
[Site "Tornelo INT"]
[Date "2021.04.28"]
[Round "6"]
[White "Papidakis, Georgios"]
[Black "Patrelakis, Evaggelos"]
[Result "0-1"]
[WhiteElo "2135"]
[BlackElo "2281"]
[PlyCount "72"]
[EventDate "2021.04.28"]
[EventType "swiss (rapid)"]
[EventRounds "9"]
[EventCountry "NET"]
[SourceTitle "EXT 2023"]
[Source "ChessBase"]
[SourceDate "2022.10.05"]
[SourceVersion "1"]
[SourceVersionDate "2022.10.05"]
[SourceQuality "1"]

1. d4 Nf6 2. Nf3 g6 3. Bg5 Bg7 4. Nbd2 0-0 5. c3 d6 6. e3 Nbd7 7. Bc4 b6 8. 0-0 Bb7 9. Re1 e5 10. dxe5 dxe5 11. e4 Qe7 12. b4 Rfd8 13. Qc2 Nf8 14. Rad1 a6 15. Bh4 h6 16. a3 Rd6 17. Nxe5 Qxe5 18. Bg3 Rxd2 19. Rxd2 Qe7 20. e5 Nh5 21. e6 fxe6 22. Bxe6+ Nxe6 23. Rde2 Bd5 24. c4 Nd4 25. Rxe7 Nxc2 26. cxd5 Nxe1 27. Bxc7 Nc2 28. d6 Bf6 29. Re4 b5 30. d7 Kf7 31. g4 Ng7 32. f4 Ne6 33. Ba5 Nxa3 34. f5 gxf5 35. gxf5 Nf8 36. Bb6 Nxd7 0-1